000
00270nam a2200133Ia 4500
100
_a
Churchill/ S/C.
942
_c
BK
654
_a
Brazing
245
_a
Brazing
260
_b
Machinery Publication & co
_c
2001
082
_a
671.5
300
_a
151
546
_a
ENGLISH
999
_c
30538
_d
30538